[Event "ESP-ch U12"]
[Site "Salobrena"]
[Date "2023.07.15"]
[Round "9"]
[White "Gonzalo Lera, Jara"]
[Black "Surov, Georgii"]
[Result "0-1"]
[WhiteElo "1145"]
[BlackElo "1492"]
[PlyCount "138"]
[EventDate "2023.07.10"]
[EventType "swiss"]
[EventRounds "9"]
[EventCountry "ESP"]
[SourceTitle "EXT 2024"]
[Source "ChessBase"]
[SourceDate "2023.10.10"]
[SourceVersion "1"]
[SourceVersionDate "2023.10.10"]
[SourceQuality "1"]

1. Nf3 Nf6 2. g3 g6 3. Bg2 Bg7 4. d4 0-0 5. c4 d6 6. Nc3 c6 7. e4 Qb6 8. 0-0 Bg4 9. b3 Bxf3 10. Bxf3 Nfd7 11. Be3 c5 12. dxc5 dxc5 13. Nd5 Qd8 14. Rc1 e6 15. Nc3 Nc6 16. h4 a6 17. Bg4 Nd4 18. Ne2 Ne5 19. Nxd4 cxd4 20. Bg5 Qa5 21. a4 d3 22. Bd2 Qb6 23. Bh3 Rad8 24. Be3 Qb4 25. Bd2 Qxd2 26. Qxd2 Nf3+ 27. Kg2 Nxd2 28. Rfd1 Nxb3 29. Rb1 Nc5 30. f3 Rd4 31. Kf2 Rfd8 32. a5 Rxc4 33. Bf1 Rc2+ 34. Kg1 d2 35. Be2 Na4 36. Rb3 Nc3 37. Rxc3 Rxc3 38. Kf2 Bd4+ 39. Kf1 Rc1 40. f4 f5 41. e5 Rd5 42. Kg2 Rxa5 43. Rxd2 Rg1+ 44. Kh2 Rd5 45. Bc4 Rd8 46. Bxe6+ Kg7 47. Rxd4 Rxd4 48. Kxg1 b5 49. Kf2 a5 50. Ke3 Re4+ 51. Kd3 a4 52. Bd5 Re1 53. Kc3 Re3+ 54. Kb4 Rxg3 55. Kxb5 Rg4 56. Kc6 Kf8 57. Kd7 Rg1 58. h5 Rd1 59. Ke6 Rxd5 60. Kxd5 gxh5 61. Kd6 a3 62. Kd7 a2 63. e6 a1Q 64. e7+ Kg7 65. e8Q Qa4+ 66. Ke7 Qxe8+ 67. Kxe8 h4 68. Ke7 h3 69. Ke6 Kg6 0-1

[Event "ESP-ch U12"]
[Site "Salobrena"]
[Date "2023.07.14"]
[Round "8"]
[White "Surov, Georgii"]
[Black "Azuara Cornejo, Pablo"]
[Result "1-0"]
[WhiteElo "1492"]
[BlackElo "1310"]
[PlyCount "53"]
[EventDate "2023.07.10"]
[EventType "swiss"]
[EventRounds "9"]
[EventCountry "ESP"]
[SourceTitle "EXT 2024"]
[Source "ChessBase"]
[SourceDate "2023.10.10"]
[SourceVersion "1"]
[SourceVersionDate "2023.10.10"]
[SourceQuality "1"]

1. e4 c6 2. d4 d5 3. Nd2 dxe4 4. Nxe4 Bf5 5. Ng3 Bg6 6. h4 h5 7. Nf3 Nd7 8. Bf4 Ngf6 9. Bd3 Bxd3 10. Qxd3 e6 11. Qb3 Qb6 12. c3 Be7 13. Qc2 0-0 14. 0-0 Rac8 15. b4 Qd8 16. Rad1 Nb6 17. a3 Bd6 18. Be5 g6 19. c4 Bxe5 20. dxe5 Nfd7 21. Ne4 Qc7 22. Nd6 Rcd8 23. Nxf7 Rxf7 24. Qxg6+ Rg7 25. Qxe6+ Kh8 26. Ng5 Nf8 27. Qh6+ 1-0

[Event "Tenerife-chT Primera"]
[Site "Tenerife"]
[Date "2023.05.20"]
[Round "14"]
[White "Lozano Marques, Manuel"]
[Black "Surov, Georgii"]
[Result "0-1"]
[WhiteElo "1475"]
[BlackElo "1349"]
[PlyCount "76"]
[EventDate "2023.01.14"]
[EventType "team-tourn"]
[EventRounds "14"]
[EventCountry "ESP"]
[SourceTitle "EXT 2024"]
[Source "ChessBase"]
[SourceDate "2023.10.10"]
[SourceVersion "1"]
[SourceVersionDate "2023.10.10"]
[SourceQuality "1"]
[WhiteTeam "Caissa Enroque II"]
[BlackTeam "Fundacion La Caja de Canarias"]
[WhiteTeamCountry "ESP"]
[BlackTeamCountry "ESP"]

1. c4 g6 2. g3 Bg7 3. Bg2 Nf6 4. Nc3 d6 5. d4 0-0 6. Nf3 Re8 7. 0-0 c6 8. Qb3 Nbd7 9. Re1 Qc7 10. Bd2 e5 11. e3 h6 12. d5 Nc5 13. Qc2 cxd5 14. Nxd5 Nxd5 15. cxd5 Bg4 16. h3 Bxf3 17. Bxf3 Qd7 18. Bg2 e4 19. Bf1 Rac8 20. Qb1 Qf5 21. Bc3 Qxd5 22. Bxg7 Kxg7 23. Rd1 Qe6 24. b3 d5 25. Qb2+ Kg8 26. Qd4 Red8 27. Rac1 b6 28. b4 Nb7 29. Kg2 Rxc1 30. Rxc1 Nd6 31. Ba6 Nf5 32. Qc3 d4 33. exd4 Nxd4 34. Bc4 Qf6 35. Rd1 Rd6 36. Rc1 Rc6 37. b5 Rc5 38. Rd1 Qf3+ 0-1

[Event "Tenerife-chT Primera"]
[Site "Tenerife"]
[Date "2022.02.05"]
[Round "2.4"]
[White "Surov, Georgii"]
[Black "Sanchez Jorge, Adrian"]
[Result "1-0"]
[WhiteElo "1159"]
[BlackElo "1293"]
[PlyCount "51"]
[EventDate "2022.01.29"]
[EventType "team-tourn"]
[EventRounds "14"]
[EventCountry "ESP"]
[SourceTitle "EXT 2024"]
[Source "ChessBase"]
[SourceDate "2023.10.10"]
[SourceVersion "1"]
[SourceVersionDate "2023.10.10"]
[SourceQuality "1"]
[WhiteTeam "Fundacion La Caja de Canarias II"]
[BlackTeam "Santa Ursula Badnor"]
[WhiteTeamCountry "ESP"]
[BlackTeamCountry "ESP"]

1. e4 e5 2. Nf3 Nf6 3. Nxe5 Qe7 4. d4 d6 5. Nc4 Nxe4 6. Be3 d5 7. Ne5 Qb4+ 8. Nd2 Nxd2 9. Bxd2 Qxd4 10. Bc3 Qe4+ 11. Qe2 Be6 12. 0-0-0 g6 13. Qb5+ Nd7 14. Nxd7 Qf4+ 15. Kb1 Bxd7 16. Qxb7 Rd8 17. Bxh8 c6 18. Qxa7 f6 19. Qd4 Qxd4 20. Rxd4 Kf7 21. Rf4 Bf5 22. Bd3 Bd6 23. Rf3 Bxd3 24. Bxf6 Be7 25. Bxe7+ Kxe7 26. Rxd3 1-0